| 000 | 00577nam a2200205 i 4500 | ||
|---|---|---|---|
| 001 | 58373 | ||
| 003 | ES-MaACL | ||
| 005 | 20230906163807.0 | ||
| 007 | t| | ||
| 008 | 031022s1907 fr ||||1| fre d | ||
| 100 | 1 |
_aDufréchou, Alfred. _945914 |
|
| 245 | 1 | 0 |
_aGobineau / _cpar Alfred Dufréchou. |
| 260 |
_aParis : _bBloud, _c1907 ( _fF. Blétit) |
||
| 300 |
_a64 p. ; _c18 cm. |
||
| 490 | 1 | _aPhilosophes et penseurs | |
| 600 | 1 | 4 |
_aGobineau, Arthur _ccomte de. _9147893 |
| 830 | 0 |
_aPhilosophes et penseurs _9182642 |
|
| 852 |
_aES-MaACL _jF-9309 |
||
| 999 |
_c58373 _d58373 |
||